000 00880nam a2200265Ia 4500
003 OSt
005 20220930094636.0
006 a|||||r|||| 00| 0
007 ta
008 220926b |||||||| |||| 00| 0 eng d
024 _a72330
037 _cTheses
040 _aCRL
_cCRL
_beng
041 _2eng
_aeng
100 _aDeepika Au.
_9554880
110 _aUniversity of Delhi. Faculty of Mathematical Sciences. Department of Operational Research
245 0 _aContributions to modeling and stochastic diferential equation based assessment of software reliability
260 _c2020
300 _a148p.
_ap.
_ccm.
650 _aMathematics
700 _a Singh Ompal Gu.
_9553940
700 _aUniversity of Delhi. Faculty of Mathematical Sciences. Department of Operational Research
942 _cDIS
_2CC
999 _c887440
_d887440